| 000 | 00990nam a2200265 i 4500 | ||
|---|---|---|---|
| 001 | 185187 | ||
| 003 | SpMaBN | ||
| 005 | 20231129120633.0 | ||
| 008 | 160405s2006 sp aco |||| |bspa d | ||
| 080 | _a821.134.2-92"19" | ||
| 080 | _a94(460.33 Cieza)"19" | ||
| 100 | 1 |
_aAvellán, Juan José. _9159296 |
|
| 245 | 1 | 0 |
_aCosas de Juan José (1998-2003) / _cJuan José Avellán Semitiel. |
| 250 | _a1ª ed. | ||
| 260 |
_aCieza (Murcia) : _bCentro de Estudios Históricos Fray Pasqual Salmerón, _c2006. |
||
| 300 |
_a275 p. : _bil., fot. ; _c23 cm. |
||
| 650 | 0 | 4 |
_aArtículos periodísticos. _910351 |
| 651 | 4 |
_aCieza (Murcia)- _xHistoria. _9159297 |
|
| 710 | 2 |
_aCentro de Estudios Históricos Fray Pascual Salmerón. _9159298 |
|
| 852 |
_aES-MaACL _jA-13684 _9192207 _bR.150915 _cDEPO1 _dOlim: N-6684 _hDonación: Juan José Avellan Semitiel |
||
| 903 |
_9159296 _aAvellán, Juan José _ednr |
||
| 942 |
_2udc _cMONOGRAFIA |
||
| 999 |
_c185187 _d185187 |
||